000 00764cab a2200229 4500
001 WB3338-38
008 090401t1997 xxu||||| |||| 00| 0 eng d
035 _a(Sirsi) u81187
041 _aeng
245 _aListed building freedom
260 _c1997
350 _a0
490 _aEvening Standard Home and Property
_v1 October 1997, 31(1)
520 _aLooks at consequences of the decision in "Shimizu v Westminster Council" (HL) for owners of listed buildings who no longer need consent to make changes to property which does not entail demolition.
650 _aCONSERVATION AREA
650 _aHOUSE OF LORDS
650 _aLONDON
650 _aSHIMIZU V WESTMINSTER CC
690 _aPLANNING LAW AND PRACTICE
942 _n0
948 _c01/10/1997
999 _c51162
_d51162